1763 1296 1026 1521 1884 1118 1855 1739 1173 1189 1760 1275 1826 1483 1060 1415 1576 1847 1522 1720 1677 1583 1279 1206 1999 1121 1895 1597 1769 1328 1142 1652 1455 1320 1865 1382 1878 1073 1288 1609 1676 1043 1126 1291 1721 1723 1362 1581 1873 1794 1941 1279 1141 1975 1633 1715 1312 1880 1399 1333 1790 1984 1431 1969 1465 1041 1938 1224 1674 1507 1781 1616 1981 1532 1666 1500 1921 1607 1046 1655 1337 1918 1016 1352 1340 1998 1081 1213 1109 1441 1610 1230 1423 1882 1412 1983 1231 1023 1041 BCNSPRNW ULIB Ver.6.0+V

เปลี่ยนเป็นภาษาไทย

Change to English
 แสดงรายละเอียดบรรณานุกรม
  กลับหน้าหลัก

Brief Record : Get Marc (ISO 2709) : E-mail record : QR code < ปิดหน้าต่าง
LEADER : 00000nam 2200000uu 4500
001    13399125124
003     ULIB
008    160930s2553||||th 000 0 tha d
020    ^a9786167390062
090    ^aนว.^bท513ท
100    ^aเทียนธีรา
245    ^aทาสรักจำเลยใจ /^cเทียนธีรา
260    ^aกรุงเทพฯ :^bสำนักพิมพ์ ทัช,^c2553
300    ^a320 หน้า
945    ^p210^l0^i001359
999    ^aณรีรัตน์ วารุกา
รายการนี้ยังไม่มีแท็ก
คุณยังไม่ได้ล็อกอิน คุณสามารถมีกิจกรรมร่วมกับเว็บไซต์ได้ แต่ต้องล็อกอินก่อน ::
  ล็อกอิน

รายการสื่อสารสนเทศ

ลำดับที่ ประเภท เลขเรียก/บาร์โค้ด สถานที่ สถานะ
1. นวนิยาย
นวนิยาย
นว. ท513ท ฉ.1 
  Barcode: 001359
ห้องสมุดวิทยาเขตนครสวรรค์
►นวนิยาย:l:Fiction
บนชั้น

BibComment


ยังไม่เคยถูกคอมเมนท์

คอมเมนท์ทรัพยากรรายการนี้
  คอมเมนท์: ทาสรักจำเลยใจ ..


 Copyright 2026. Bcnsprnw @Library